| 000 | 01176nmm a2200397 a 4500 | ||
|---|---|---|---|
| 003 | AR-X00000XY | ||
| 005 | 20251128211909.0 | ||
| 008 | 057020s2002 ||||||||||||||000 | spa|| | ||
| 020 | _a958-701-166-X | ||
| 040 | _cAR-X00000XY | ||
| 100 | 1 | _aMutis, Alvaro | |
| 245 | 1 | 0 |
_aDesde el solar _b50 textos |
| 250 | _a1ª ed. | ||
| 260 |
_aBogotá _bUniversidad Nacional de Colombia _c2002 |
||
| 300 | 0 |
_a170 p. _bil. |
|
| 500 | 0 | _aDonación de la Embajada de Colombia en Buenos Aires | |
| 500 | 0 | _aIncluye cronología sobre las primeras ediciones de Alvaro Mutis al final del texto | |
| 500 | 1 | _aEdición homenaje a Alvaro Mutis, Premio Cervantes 2001 | |
| 600 | 1 | 4 | _aZalamea, Jorge |
| 600 | 1 | 4 | _aGómez Dávila, Nicolás |
| 600 | 1 | 4 | _aArturo, Aurelio |
| 600 | 1 | 4 | _aRamírez Villamizar, Eduardo |
| 600 | 1 | 4 | _aRestrepo, Alvaro |
| 650 | 4 | _aESCRITORES | |
| 650 | 4 | _aAUTORES | |
| 650 | 4 | _aBIOGRAFIAS | |
| 650 | 4 | _aCRITICA LITERARIA | |
| 650 | 4 | _aINTERPRETACION | |
| 650 | 4 | _aANALISIS LITERARIO | |
| 650 | 4 | _aTESTIMONIOS | |
| 651 | 4 | _aColombia | |
| 655 | _aLITERATURA | ||
| 700 | 1 |
_aMutis D., Santiago _ecompilador |
|
| 942 | _cBK | ||
| 998 | _cNancy | ||
| 999 |
_c21527 _d21527 |
||